00861 2200301 4500001002100000005001500021035002000036007000300056008004100059100001900100245008000119250001200199300003000211504002500241020002200266082001000288084001600298090001800314260003300332600003100365850001000396700002800406990002500434990002500459990002500484990002500509990002500534INLIS00000000000225720260603090216 a0010-0220000108ta260603 0 0 aNurul Chomaria1 aMenu Bayi Terlengkap dan Variatif /cNurul Chomaria,Penyunting:Erlina Zachi a.-Cet.1 a166 hlm :bilus. ;c14 cm aBibliografi, hlm 166 a978-602-9298-32-1 a641.3 a641.3 NUR m a616.025 NEN s a.--Surakarta :bCinta,c2012 4aKesejahteraan Rumah Tangga aPUPAD0 aPenyunting:Erlina Zachi a32.178/APBD/DPK/2019 a32.175/APBD/DPK/2019 a32.176/APBD/DPK/2019 a32.177/APBD/DPK/2019 a32.178/APBD/DPK/2019